000 02580cam a22003251i 4500
003 SA-RiAUC
005 20250309120626.0
008 250308s1990 le g b 001 0 ara c
040 _aOM-MuSQU
_bara
_cSA-RiAUC.
_erda
082 0 4 _a810.9
_qSA-RiAUC
090 0 0 _a810.9
_bا ب ن م
100 1 _aابن المرزبان المحولي، محمد بن خلف بن المرزبان،
_dتوفي 309 هجري
_eمؤلف.
245 1 0 _aتفضيل الكلاب على كثير ممن لبس الثياب /
_cتأليف ابن المرزبان أبي بكر محمد بن خلف ؛ تقديم ودراسة زهير الشاويش.
250 _aالطبعة الأولى.
264 1 _aبيروت :
_bالمكتب الإسلامي،
_c1990
300 _a156 صفحة ؛
_c20 سم
336 _aنص
_btxt
_2rdacontent
_3كتاب
337 _aبدون وسيط
_bn
_2rdamedia
338 _aمجلد
_bnc
_2rdacarrier
500 _aيشتمل على كشافات.
504 _aيشتمل على إرجاعات ببليوجرافية.
650 7 _aالكلاب في الأدب العربي
_2aucsh
650 7 _aالحيوانات في الأدب العربي
_2aucsh
650 7 _aالأدب العربي
_xتاريخ ونقد
_2aucsh
700 1 _aالشاويش، زهير،
_d1925-2013
_eمقدم.
856 _uhttp://www.alwaraq.net/Core/waraq/coverpage?bookid=3162&option=1
_yExternal Link
_2 نرجو الانتباه لإمكانية وجود اختلاف في الطبعة أو الناشر بين البيانات على البوابة وما ستجده على الكتاب نظرا لمحدودية المعلومات المتاحة على الموقع الناشر للمادة.
_3Please note that there may be a difference in the edition or publisher between the data on the portal and the book due to the limited information available on the publisher website for the material.
856 _uhttp://www.alwaraq.net/Core/AlwaraqSrv/bookpage?book=3162&option=1&fkey=2&page=1
_yDigital Copy
_2 نرجو الانتباه لإمكانية وجود اختلاف في الطبعة أو الناشر بين البيانات على البوابة وما ستجده على الكتاب نظرا لمحدودية المعلومات المتاحة على الموقع الناشر للمادة.
_3Please note that there may be a difference in the edition or publisher between the data on the portal and the book due to the limited information available on the publisher website for the material.
942 _2ddc
_cBOOK
_n0
949 _aSA-JeALM
_d250308
_umohamedma123
_n1
999 _c6341
_d6341